000 00242nmm a2200085Ia 4500
008 220120s9999||||xx |||||||||||||||||und||
100 _aOpen source for you
245 0 _aFedora 30, workstation , puppy linux 8.0, Bionie pup
260 _c2019, June
999 _c140110
_d140110